000 00519nam a22001457a 4500
999 _c137
_d137
005 20210525160649.0
008 181029b ||||| |||| 00| 0 eng d
082 _a302.14 M488s
_b1
110 _aAlcaldía de Medellín
_988
245 _aSolidaridad :
_bManos para ver y oir
300 _a165 p.
_b25 cm.
500 _aProgramas sociales; Administración Municipal; Solidaridad; Programas para la familia; Programas para discapacitados; programas para la niñez
650 0 _989
_aDiscapacidad
_zColombia.
942 _2ddc
_cBK